| 000 | 01537nam a22004817a 4500 | ||
|---|---|---|---|
| 005 | 20251007153148.0 | ||
| 008 | 210810b xxu||||| |||| 00| 0 spa d | ||
| 020 | _a9788417880125 | ||
| 041 | _aESP | ||
| 082 | _a658.45 UD18c | ||
| 100 |
_aUdaondo, Miguel _960740 |
||
| 245 | _aComunica: las claves de la comunicación para el liderazgo | ||
| 260 | _aEspaña | ||
| 260 | _bLID Editorial Empresarial | ||
| 260 | _c2020 | ||
| 300 | _a269 páginas | ||
| 490 | _aDirección y Administración de Empresas | ||
| 505 | _aParte I. Elementos para las comunicaciones Parte II. Situaciones clave de comunicación | ||
| 650 | _aCOMUNICACIÓN CÓMO TÉCNICA GERENCIAL | ||
| 650 | _aELEMENTOS PARA LA COMUNICACIÓN | ||
| 650 | _aLA ESCUCHA | ||
| 650 | _aEL PODER DE LAS PALABRAS | ||
| 650 | _aLENGUAJE DENOTATIVO Y EL CONNOTATIVO | ||
| 650 | _aCOMUNICACIÓN RACIONAL | ||
| 650 | _aCOMUNICACIÓN EMOCIONAL | ||
| 650 | _aAPARIENCIA PERSONAL | ||
| 650 | _aCUALIDADES DE LA VOZ Y SEÑALES VOCALES NO VERBALES | ||
| 650 | _aCALIDAD DE LA VOZ | ||
| 650 | _aLA EXPRESIÓN FACIAL | ||
| 650 | _aLA MIRADA | ||
| 650 | _aCINÉSICA | ||
| 650 | _aLAS POSTURAS | ||
| 650 | _aY LOS GESTOS | ||
| 650 | _aCONTACTO FÍSICO | ||
| 650 | _aCOMUNICAR CON EMPATÍA | ||
| 650 | _aCOMUNICAR CON RESPETO | ||
| 650 | _aCOMUNICAR CON EFICACIA | ||
| 650 | _aCOMUNICAR CON PERSUASIÓN | ||
| 650 | _aCOMUNICAR CON ELOCUENCIA | ||
| 650 | _aCOMUNICAR ANTE EL RECELO SOCIAL | ||
| 650 | _aCOMUNICAR EN VALORES | ||
| 942 |
_cBK _2ddc |
||
| 999 |
_c13077 _d13077 |
||